00322nam a2200121Ia 4500008004100000041000800041082001800049100001800067245004500085260004800130300001100178365001100189240624s9999 xx 000 0 und d aeng a658.4012 LEI  aLEINWAND PAUL aSTRATEGY THAT WORKS HOW WINNING COMPANIE c2016aBostonbHarvard Business Review Press a288 p. cRSb30